Statistiques concernant Effectif AJ Auxerre 2023/2024

Cliquez ici pour prendre le quiz!

Statistiques générales

  • Ce quiz a été pris 110 fois
  • Le résultat moyen est 14 sur 24

Statistiques - réponses

PosteJoueur% Correct
AHein
92%
GLéon
89%
DJubal
88%
APerrin
83%
ASinayoko
78%
DJoly
76%
AAyé
72%
GDe Percin
64%
DMensah
64%
AOnaiwu
64%
DPellenard
64%
MOwusu
62%
MRaveloson
62%
DDagba
58%
MDioussé
53%
DAgouzoul
52%
GLaiton
51%
DAkpa
50%
ACamara
46%
MDanois
41%
DN'Gatta
39%
AMaddy
32%
MBuayi-Kiala
30%
GAdicéam
28%

Distribution des résultats

Percentile par nombre de réponses

% des personnes avec chaque résultat

Votre développement - résultats

Vous n’avez pas pris ce quiz